• 首页
  • 本馆介绍
  • 公告通知
  • 最新文献
  • 馆藏检索
  • 电子资源
  • 读者导购
  • 参考咨询
  • 我的图书馆
  • 登录
  • 详细信息显示
  • 放入我的书架
  • 预约/预借图书
  • 作者相关作品
  • 分类相关作品
  • 丛书相关作品
  • 出版社相关作品

书目信息

  • 表格格式
  • 工作单格式
  • 卡片格式
题名:
三十年来我国法规沿革概况
    
 
作者: 蓝全普 编
分册:  
出版信息: 北京   群众出版社  1980.12
页数: 188页
开本: 19cm
丛书名:
单 册:
中图分类: D92 , D9 , D9
科图分类:
主题词: 法律 , 法律
电子资源:
ISBN:
000 00589nam0 2200229 45
001 1533157840
005 20150128110300.09
010    @dCNY0.46
091    @a6067.5
100    @a20040427d1980 km y0chiy0120 ea
101 0  @achi
200 1  @a三十年来我国法规沿革概况@ASan Shi Nian Lai Wo Guo Fa Gui Yan Ge Gai Kuang@f蓝全普编@FLan Quan Pu Bian
210    @a北京@c群众出版社@d1980.12
215    @a188页@d19cm
606 0  @a法律
606 0  @a法律
690    @aD92@v3
690    @aD9@v4
690    @aD9@v4
701  0 @a蓝全普@4编
801    @aCN@bTSSF@c20150128
905    @aZUCC@dD9@eJY21
    
    三十年来我国法规沿革概况/蓝全普编.-北京:群众出版社,1980.12
    188页;19cm
    
    
    ISBN :CNY0.46
    
●
相关链接 在E读中查询图书 在五车中查询图书 在当当中查询图书 在豆瓣中查询图书


正题名:三十年来我国法规沿革概况     索取号:D9/JY21         预约/预借

序号 登录号 条形码 馆藏地/架位号 状态 备注
1 7840780   278407804   学院路分馆/ [索取号:D9/JY21] 在馆    
2 7840781   278407813   学院路分馆/ [索取号:D9/JY21] 在馆    
3 7840782   278407822   学院路分馆/ [索取号:D9/JY21] 在馆    
4 7840783   278407831   学院路分馆/ [索取号:D9/JY21] 在馆    
唐山师范学院图书馆 欢迎您!
大连网信软件有限公司© 版权所有